[Event "IECC M1-2010.T001"]
[Site "IECC email"]
[Date "2010.01.03"]
[Round "?"]
[White "Riccobono, Philip Joseph"]
[Black "Santos, Sebastiao"]
[Result "0-1"]
[WhiteElo "1482"]
[BlackElo "1895"]
[PlyCount "38"]
[EventDate "2010.??.??"]
[EventType "match (corr)"]
[EventRounds "2"]
[SourceTitle "Telechess CBM 149"]
[Source "ChessBase"]
[SourceDate "2012.07.17"]
[SourceVersion "1"]
[SourceVersionDate "2012.07.17"]
[SourceQuality "1"]
[WhiteTeam "US of America"]
[BlackTeam "Spain"]
[WhiteTeamCountry "USA"]
[BlackTeamCountry "ESP"]

1. d4 d5 2. c4 e6 3. Nc3 Nf6 4. Bg5 Bb4 5. a3 Bxc3+ 6. bxc3 c5 7. cxd5 exd5 8. e3 Qa5 9. f3 cxd4 10. Qxd4 Nc6 11. Qd2 Be6 12. Ne2 0-0 13. Bxf6 gxf6 14. Qb2 Rfc8 15. Nf4 d4 16. Be2 dxc3 17. Qc2 Bf5 18. Bd3 Nb4 19. Qb1 Nxd3+ 0-1

[Event "IECC M1-2010.T001"]
[Site "IECC email"]
[Date "2010.01.03"]
[Round "?"]
[White "Santos, Sebastiao"]
[Black "Riccobono, Philip Joseph"]
[Result "1-0"]
[WhiteElo "1753"]
[BlackElo "1500"]
[PlyCount "53"]
[EventDate "2010.??.??"]
[EventType "match (corr)"]
[EventRounds "2"]
[SourceTitle "Telechess CBM 149"]
[Source "ChessBase"]
[SourceDate "2012.07.17"]
[SourceVersion "1"]
[SourceVersionDate "2012.07.17"]
[SourceQuality "1"]
[WhiteTeam "Spain"]
[BlackTeam "US of America"]
[WhiteTeamCountry "ESP"]
[BlackTeamCountry "USA"]

1. e4 c5 2. Nf3 e6 3. d4 cxd4 4. Nxd4 Nf6 5. Nc3 d6 6. Be3 Nc6 7. Be2 Be7 8. 0-0 0-0 9. Qd3 Bd7 10. f4 Nxd4 11. Bxd4 Bc6 12. Rad1 a6 13. a3 Qc7 14. Qg3 g6 15. Bf3 Rac8 16. f5 e5 17. Be3 b5 18. Bh6 Rfe8 19. Bg5 a5 20. fxg6 fxg6 21. Bxf6 Bxf6 22. Bg4 Bg7 23. Bxc8 Rxc8 24. Qd3 b4 25. axb4 axb4 26. Qc4+ Kh8 27. Qxb4 1-0

[Event "IECC M1-2009.T119"]
[Site "IECC email"]
[Date "2009.12.17"]
[Round "?"]
[White "Cuaycong, Virgilio"]
[Black "Riccobono, Philip Joseph"]
[Result "1-0"]
[WhiteElo "1536"]
[BlackElo "1534"]
[PlyCount "22"]
[EventDate "2009.??.??"]
[EventType "match (corr)"]
[EventRounds "2"]
[SourceTitle "Corr 2013"]
[Source "ChessBase"]
[SourceDate "2012.11.12"]
[SourceVersion "1"]
[SourceVersionDate "2012.11.12"]
[SourceQuality "1"]
[WhiteTeam "England"]
[BlackTeam "US of America"]
[WhiteTeamCountry "ENG"]
[BlackTeamCountry "USA"]

1. e4 c5 2. Nf3 e6 3. d4 cxd4 4. Nxd4 Nf6 5. Nc3 d6 6. g4 e5 7. Bb5+ Bd7 8. Bxd7+ Qxd7 9. Nf5 Nc6 10. Bg5 Ne7 11. Nxd6+ Kd8 1-0